00706nam a2200253 a 4500001001300000003000900013005001700022008004100039020001000080082002000090100002000110245002600130260003200156300000900188500003500197505001000232650002300242650001600265700002000281902000800301942000700309952012100316999001500437nice12345678IN_TiNIC20260116012319.0050524s1990 dela grp 000 0 eng  ac16000a305.480297bLAT aLateef, Shahida aMuslim Women in India aDelhibKali for Womenc1990 a230p aincludes index and biblioraphy2 aIndex aMuslim Women-India aWomen-India1 aLateef, Shahida bSRS cBK 001040708StackRoom-aHMIbHMId2010-02-03g160.00l0o305.480297 LATp014337r2010-02-03v160.00w2005-05-24yBK c6511d6511